Topographisch-statistische Bemerkungen aus Schlesien im Jahre 1810

Titel: Topographisch-statistische Bemerkungen aus Schlesien im Jahre 1810 : für eine Reise des Königs Friedrich Wilhelm III. behördlich zusammengestellt / von Otto Linke
Verfasser:
In: Verein für Geschichte Schlesiens: Zeitschrift des Vereins für Geschichte Schlesiens, Band 40 (1906), Seite 247-278
alle Artikel anzeigen
Veröffentlicht: 1906
Format: Aufsatz
Sprache: Deutsch
Kein Bild verfügbar
X
Lokale Klassifikation: 14 7 H ; 14 2 C
alg: 13341798
001A    $03004:13-10-05 
001B    $01999:22-03-21 $t20:18:34.000 
001C    $06050:09-11-07 $t13:05:33.000 
001D    $03004:13-10-05 
001U    $0utf8 
001X    $00 
002@    $0Aou 
003@    $0133417980 
007A    $0133417980 $aHEB 
007T    $0Herdhh133417980 
010@    $ager 
011@    $a1906 
021A    $aTopographisch-statistische Bemerkungen aus Schlesien im Jahre 1810 $dfür eine Reise des Königs Friedrich Wilhelm III. behördlich zusammengestellt $hvon Otto Linke 
028A    $7 $8Linke, Otto [Tnd] $9137266952 
031A    $d40 $h247-278 $j1906 
039B    $aIn $8--Abvc--Verein für Geschichte Schlesiens [Tb1]. Zeitschrift des Vereins für Geschichte Schlesiens. - Breslau : Trewendt & Garnier, 1906-1943 $x190600000400000753 $9047252138 
045F    $a900.9438509032 $eDDC23BSB 
045F/01 $a900 
045F/03 $f09032 
045F/03 $f9033 
045F/03 $f9034 
045F/03 $g4385 
045T    $a9,10 

lok: 13341798 24
101B    $013-10-05 $t16:21:08.000 
101C    $013-10-05 
145Z/01 $a14 7 H 
145Z/02 $a14 2 C 
101U    $0utf8 

exp: 13341798 24 1 #EPN
201B/01 $013-10-05 $t16:21:08.000 
201C/01 $013-10-05 
203@/01 $0306401797 
208@/01 $a13-10-05 $br 
209A/01 $a14 VII H 15 $du $f050 $h14 7 H 15 $x00 
209C/01 $a965 K 52 $h52 0965 K 
209G/01 $a71199479 $x00 
220C/01 $agro 
247C/01 $8358050-7 Marburg, Bibliothek des Herder-Instituts Marburg $9102600961 
201U/01 $0utf8 

lok: 13341798 78

exp: 13341798 78 1 #EPN
201B/01 $019-04-17 $t19:51:32.000 
201U/01 $0utf8 
203@/01 $0794062229 
208@/01 $a12-11-16 $be 
209A/01 $a/ $f000 $x00 
237A/01 $aweiterführende Signatur(en): Herder-Institut: 14 VII H 15 
244Z/01 $2Trx $#Silesia $#Śląsk $#Sliezsko $#Slezsko $8--Trx--Schlesien $x01 $9391173987 
244Z/01 $aGeschichte 1810 $x02 
244Z/01 $2Trx $#reisid $#kelionės $#travel $#utazás $#podróże $#cesty $#cesty $#cesty zahraniční $8--Trx--Reisen $x03 $9391375873 
244Z/01 $2Trx $#topograafia, ajalooline $#istorinė topografija $#historical topography $#földleírás, történelmi $#topografia historyczna $#topografia, historická $#topografie historická $8--Trx--Topographie, historische $x04 $939136314X 
244Z/01 $2Trx $#statistikad $#statistika $#Statistics $#statisztika $#statystyka $#štatistika $#statistika $8--Trx--Statistik $x05 $9391360493 
244Z/01 $2Trx $8--Trx--Zeitschriftenaufsatz $x06 $9391384341 
245Z/01 $a06.03.03 $x01 
245Z/01 $a04.08 $x02 
247C/01 $82080>Marburg/Lahn, Herder-Institut, Forschungsbibliothek, Bibliographieportal $9336309341
LEADER 00000caa a2200000 c 4500
001 133417980
003 DE-603
005 20210322201834.0
007 tu
008 051013s1906 xx |||| | u00||u|ger c
035 |a (DE-599)HEB133417980 
040 |a DE-603  |b ger  |c DE-603  |d DE-603 
041 |a ger 
082 0 4 |8 1\u  |a 900.9438509032  |q DE-101  |2 23/BSB 
084 |a 9,10  |2 ssgn 
085 |8 1\u  |b 900 
085 |8 1\u  |z 1  |s 09032 
085 |8 1\u  |z 1  |s 9033 
085 |8 1\u  |z 1  |s 9034 
085 |8 1\u  |z 2  |s 4385 
100 1 |a Linke, Otto  |0 (DE-603)137266952 
245 0 0 |a Topographisch-statistische Bemerkungen aus Schlesien im Jahre 1810  |b für eine Reise des Königs Friedrich Wilhelm III. behördlich zusammengestellt  |c von Otto Linke 
264 0 |c 1906 
773 0 8 |i In  |a Verein für Geschichte Schlesiens  |t Zeitschrift des Vereins für Geschichte Schlesiens  |d Breslau : Trewendt & Garnier, 1906-1943  |g Band 40 (1906), Seite 247-278  |w (DE-603)047252138  |w (DE-600)200433-1 
924 0 |9 Mb 50  |a (DE-603)306401797  |b DE-Mb50  |c HES  |d c  |g 14 VII H 15 
924 0 |9 2080  |a (DE-603)794062229  |b DE-2080  |c HES  |d d  |g /